Sacrae theologiae summa (Record no. 189769)

MARC details
000 -LEADER
campo de control de longitud fija 01130nam a2200241 i 4500
001 - NÚMERO DE CONTROL
campo de control 189769
003 - IDENTIFICADOR DE NÚMERO DE CONTROL
campo de control ES-MaACL
005 - FECHA Y HORA DE LA ÚLTIMA TRANSACCIÓN
campo de control 20250808062833.0
008 - DATOS DE LONGITUD FIJA--INFORMACIÓN GENERAL
campo de control de longitud fija 191022s1950 sp |||| | spa d
100 0# - ENTRADA PRINCIPAL--NOMBRE DE PERSONA
Nombre de persona Nicolau, Miguel.
9 (RLIN) 85582
245 10 - MENCIÓN DEL TÍTULO
Título Sacrae theologiae summa
Resto del título : iuxta constitutionem apostolicam "Deus scientiarum Dominus".
Número de parte o sección de la obra 1. Theologia fundamentalis. Introductio in Theologiam. De revelatione christiana. De Ecclesia Christi. De Sacra Scriptura /
Mención de responsabilidad, etc. Auctoribus P. Michaele Nicolau, S.I..., P. Ioachim Salaverri, S.I.
260 ## - PUBLICACIÓN, DISTRIBUCIÓN, ETC.
Lugar de publicación, distribución, etc. Matriti :
Nombre del editor, distribuidor, etc. La Editorial Católica,
Fecha de publicación, distribución, etc. 1950.
300 ## - DESCRIPCIÓN FÍSICA
Extensión XIII, 1131 p. ;
Dimensiones 20 cm.
490 1# - MENCIÓN DE SERIE
Mención de serie Biblioteca de autores cristianos ;
Designación de volumen o secuencia 61
546 ## - NOTA DE IDIOMA
Nota de lengua/lenguaje Texto en latín.
594 ## - Nota al título y mención de responsabilidad
Nota al título y mención de responsabilidad En la anteport. : Patres Societatis Iesu Facultatum Theologicarum in Hispania Profesores.
594 ## - Nota al título y mención de responsabilidad
Nota al título y mención de responsabilidad En la anteport. : Iuxta Constitutionem Apostolicam "Deus scientiarum Dominus"
650 07 - PUNTO DE ACCESO ADICIONAL DE MATERIA--TÉRMINO DE MATERIA
Término de materia o nombre geográfico como elemento de entrada Teología
Fuente del encabezamiento o término embne
9 (RLIN) 17457
700 1# - ENTRADA AGREGADA--NOMBRE PERSONAL
Nombre de persona Salaverri de la Torre, Joaquín.
9 (RLIN) 101788
830 00 - PUNTO DE ACCESO ADICIONAL DE SERIE-TÍTULO UNIFORME
Título uniforme Biblioteca de autores cristianos
Designación de volumen o secuencia 61
9 (RLIN) 178679
852 ## - LOCALIZACIÓN
Ubicación ES-MaACL
Número de control de estantería P-1032-1
Holdings
Estatus retirado Estado de pérdida Estado de daño No para préstamo Biblioteca de origen Biblioteca actual Ubicación en estantería Fecha de adquisición Fuente de adquisición Total de préstamos Signatura topográfica completa Código de barras Visto por última vez Precio de reemplazo Tipo de ítem Koha
        Biblioteca del Ateneo de Madrid Biblioteca del Ateneo de Madrid Depósito 2 22/10/2019     P-1032-1 1201219 23/02/2023 23/02/2023 Libro impreso